<?xml version="1.0" encoding="UTF-8"?><?xml-stylesheet type="text/xsl" href="static/style.xsl"?><OAI-PMH xmlns="http://www.openarchives.org/OAI/2.0/" xmlns:xsi="http://www.w3.org/2001/XMLSchema-instance" xsi:schemaLocation="http://www.openarchives.org/OAI/2.0/ http://www.openarchives.org/OAI/2.0/OAI-PMH.xsd"><responseDate>2026-04-27T21:42:42Z</responseDate><request verb="GetRecord" identifier="oai:uvadoc.uva.es:10324/58593" metadataPrefix="marc">https://uvadoc.uva.es/oai/request</request><GetRecord><record><header><identifier>oai:uvadoc.uva.es:10324/58593</identifier><datestamp>2023-02-09T20:01:18Z</datestamp><setSpec>com_10324_38</setSpec><setSpec>col_10324_852</setSpec></header><metadata><record xmlns="http://www.loc.gov/MARC21/slim" xmlns:doc="http://www.lyncode.com/xoai" xmlns:xsi="http://www.w3.org/2001/XMLSchema-instance" xmlns:dcterms="http://purl.org/dc/terms/" xsi:schemaLocation="http://www.loc.gov/MARC21/slim http://www.loc.gov/standards/marcxml/schema/MARC21slim.xsd">
<leader>00925njm 22002777a 4500</leader>
<datafield tag="042" ind1=" " ind2=" ">
<subfield code="a">dc</subfield>
</datafield>
<datafield tag="720" ind1=" " ind2=" ">
<subfield code="a">Sainz Regaliza, Andrea</subfield>
<subfield code="e">author</subfield>
</datafield>
<datafield tag="260" ind1=" " ind2=" ">
<subfield code="c">2022</subfield>
</datafield>
<datafield tag="520" ind1=" " ind2=" ">
<subfield code="a">El objetivo principal de este TFG es obtener un amplio conocimiento a cerca de los Trastornos del Espectro Alcohólico Fetal conociendo sus tipos, características y prevalencia de estos trastornos.&#xd;
Se resaltará el gran problema social que conlleva el consumo de alcohol a nivel mundial y concretamente las consecuencias del consumo de teratógenos por parte de las mujeres embarazadas.&#xd;
En el ámbito educativo, se describirá el perfil de los alumnos con TEAF aclarando algunos conceptos y se presentarán sus necesidades de educativas y las dificultades que aparecen en las áreas básicas de aprendizaje. Además, se analiza la formación en atención a la diversidad que reciben los futuros docentes sobre estos trastornos.&#xd;
Por último, a través de un estudio comprobaremos la carencia formativa que los futuros docentes en formación tienen sobre este tipo de trastornos</subfield>
</datafield>
<datafield tag="024" ind2=" " ind1="8">
<subfield code="a">https://uvadoc.uva.es/handle/10324/58593</subfield>
</datafield>
<datafield tag="245" ind1="0" ind2="0">
<subfield code="a">Los trastornos del espectro alcohólico fetal y sus dificultades de aprendizaje</subfield>
</datafield>
</record></metadata></record></GetRecord></OAI-PMH>